Cargando...
Advances in ferrites
| Autores principales: | , |
|---|---|
| Formato: | Printed Book |
| Publicado: |
New Delhi, Oxford & I B H
1989
|
| Colección: | 2
|
| Materias: |
| LEADER | 005700000a22001810004500 | ||
|---|---|---|---|
| 020 | |a 81-204-0437-8 | ||
| 082 | |a 546.621 1 M9.2 | ||
| 100 | |a Patni, M J; Ed | ||
| 100 | |a Srivastava, C M; Ed | ||
| 245 | |a Advances in ferrites | ||
| 260 | |a New Delhi, Oxford & I B H | ||
| 260 | |c 1989 | ||
| 320 | |a Internationl Conference on Ferrites |e In |g Bombay |i 1989 | ||
| 490 | |a 2 | ||
| 650 | |a Magnetic materials | ||
| 942 | |c BK | ||
| 999 | |c 16541 |d 16541 | ||
| 952 | |0 0 |1 0 |4 0 |6 546_621000000000000_1_M9_2 |7 0 |8 ENG |9 16345 |a MGUL |b MGUL |d 2013-07-16 |l 0 |o 546.621 1 M9.2 |p 05672 |r 2013-07-16 |w 2013-07-16 |y BK | ||